LIBRARY & INFORMATION CENTRE, KCAET, TAVANUR

ONLINE PUBLIC ACCESS CATALOGUE (OPAC)

Madhyakalin prem sadana / (Record no. 3471)

MARC details
000 -LEADER
fixed length control field 00452cam a2200181ua 4500
041 ## - LANGUAGE CODE
Language code of text/sound track or separate title hin
082 ## - DEWEY DECIMAL CLASSIFICATION NUMBER
Classification number 891.54
Item number PAR/MA
100 ## - MAIN ENTRY--AUTHOR NAME
Personal name Parashuram, Chaturvedi .
245 ## - TITLE STATEMENT
Title Madhyakalin prem sadana /
250 ## - EDITION STATEMENT
Edition statement 2 /
260 ## - PUBLICATION, DISTRIBUTION, ETC. (IMPRINT)
Place of publication Agra :
Name of publisher Sahitya Bhawan ,
Year of publication 1957.
300 ## - PHYSICAL DESCRIPTION
Number of Pages 230 ; .
942 ## - ADDED ENTRY ELEMENTS (KOHA)
Koha item type Books
Holdings
Withdrawn status Lost status Damaged status Home library Current library Date acquired Full call number Accession Number Koha item type
Withdrawn     KAUAET Sanskrit University 07/04/2012 891.54 PAR/MA 2801 Books
free website counter